[Event "AUT-ch U10 Online Rapid"]
[Site "Playchess.com INT"]
[Date "2020.12.13"]
[Round "2"]
[White "Stiefelbauer, Joachim"]
[Black "Friedmann, Matthias"]
[Result "1-0"]
[WhiteElo "1642"]
[BlackElo "1677"]
[PlyCount "97"]
[EventDate "2020.12.13"]
[EventType "swiss (rapid)"]
[EventRounds "7"]
[EventCountry "AUT"]
[SourceTitle "EXT 2022"]
[Source "ChessBase"]
[SourceDate "2021.10.06"]
[SourceVersion "1"]
[SourceVersionDate "2021.10.06"]
[SourceQuality "1"]

1. e4 e5 2. Nf3 Nc6 3. Nc3 Nf6 4. Bb5 a6 5. Bxc6 dxc6 6. 0-0 Bd6 7. h3 0-0 8. d3 h6 9. Be3 Be6 10. a3 Qd7 11. Nh2 Nh7 12. f4 f5 13. fxe5 Bxe5 14. exf5 Bxf5 15. Nf3 Qe6 16. Qd2 Bxc3 17. bxc3 Rad8 18. Nd4 Qe5 19. Nxf5 Rxf5 20. Bf4 Qf6 21. Bxc7 Rf8 22. Rxf5 Qxf5 23. Re1 Ng5 24. Qe2 Qg6 25. Kh2 Rc8 26. Bf4 Rf8 27. Qe5 Nf7 28. Qc7 Qf6 29. d4 Kh8 30. Bg3 Qf5 31. Re7 Kg8 32. Qxb7 Qxc2 33. Qxc6 Ng5 34. Re3 Qd2 35. Qc4+ Kh8 36. Qe2 Nf3+ 37. gxf3 Qxe2+ 38. Rxe2 Rxf3 39. c4 Rxa3 40. c5 Rd3 41. Be5 a5 42. c6 a4 43. Rc2 a3 44. c7 Rc3 45. Rxc3 a2 46. c8Q+ Kh7 47. Qf5+ g6 48. Rc7+ Kg8 49. Qc8# 1-0